| 000 | 01008nam a2200277Ia 4500 | ||
|---|---|---|---|
| 003 | OSt | ||
| 005 | 20221005105941.0 | ||
| 006 | a|||||r|||| 00| 0 | ||
| 007 | ta | ||
| 008 | 221004b |||||||| |||| 00| 0 hin d | ||
| 020 |
_a812604304 (pbk) _c125 |
||
| 024 | _a93668 | ||
| 037 |
_b526, 19/03/2009, Vani Prakashan _cTextual |
||
| 040 |
_aCRL _cCRL _bhin |
||
| 041 |
_2hin _ahin |
||
| 082 | _aO152,1M971:g, N8 | ||
| 100 | _aरस्तोगी, गिरीश | ||
| 245 | 0 | _aउदयशंकर भट्ट | |
| 246 | _aUdayashankar bhaṭṭa | ||
| 260 |
_aनई दिल्ली _bसाहित्य अकादेमी भारत _c1998 |
||
| 300 |
_a102पृ0 _ccm. |
||
| 490 | _aभारतीय साहित्य के निर्माता | ||
| 650 | _aहिन्दी साहित्य | ||
| 942 |
_hO152,1M971:g, N8 _cTEXL _2cc |
||
| 999 |
_c1017341 _d1017341 |
||